| 000 | 00371cam a2200157ua 4500 | ||
|---|---|---|---|
| 041 |
_aeng _h |
||
| 082 |
_a531 _bLEE/CL |
||
| 100 | _aLeech, J W . | ||
| 245 |
_aClassical mechanics / _cJ W Leech. _hTextual Documents |
||
| 250 |
_a2 / _b. |
||
| 260 |
_aLondon : _bMethuen and Co. Ltd , _c1965. |
||
| 300 | _a153 ; . | ||
| 504 | _a | ||
| 942 | _cBK | ||
| 999 |
_c8538 _d8538 |
||